000 00575nam a2200229 4500
001 BS2023000181
003 BR-BrBNA
005 20231018105628.0
008 230808b1997 bl.||||| |||| 00| 0 por d
040 _aBR-BrBNA
_bpor.
041 _apor.
072 _aS86
100 _aFrança, Carlos Maria de Macedo
245 _aDe vagar pelo viver /
260 _aBrasília - DF :
_bDa anta casa editora,
_c1997
300 _a112 p.
650 _aLITERATURA BRASILEIRA
650 _aPOESIA
909 _a202308
_bMaria Neves
942 _cBK
999 _c9768
_d9768